| 000 | 00454nam a2200193 a 4500 | ||
|---|---|---|---|
| 001 | 1758278062374 | ||
| 003 | ACL | ||
| 005 | 20250919160931.0 | ||
| 008 | 250919s2010##################000#0#eng## | ||
| 020 | _a9780670082643 | ||
| 082 | 0 | 4 |
_a793.3192 _bLEE |
| 100 | 1 |
_aSamson, Leela, _eauthor. |
|
| 245 | 1 | 0 | _aRukmini Devi : |
| 260 | _c2010. | ||
| 300 | _a243 pages | ||
| 650 | 0 | _aBharata natyam dancers. | |
| 942 | _cENGLISH | ||
| 040 |
_aACL _beng _cACL |
||
| 999 |
_c588106 _d588106 |
||